El capital : versión española /
Guardado en:
| Autor Principal: | |
|---|---|
| Formato: | Libro |
| Publicado: |
Barcelona :
Biblioteca de Cultura
|
| Materias: | |
| Etiquetas: |
Agregar Etiqueta
Sin Etiquetas, Sea el primero en etiquetar este registro!
|
| LEADER | 00562nam a22001935a 4500 | ||
|---|---|---|---|
| 001 | EHU.bham029913 | ||
| 003 | AR-BHAM | ||
| 005 | 20071016151614.0 | ||
| 008 | 130507b######################000#0#####d | ||
| 082 | 3 | 3 | |a 335.43 |
| 100 | 1 | |a Marx, Carlos | |
| 245 | 1 | 0 | |a El capital : |b versión española / |c Carlo Marx |
| 260 | |a Barcelona : |b Biblioteca de Cultura | ||
| 300 | |a 200 p. | ||
| 653 | |a Marxismo | ||
| 653 | |a Capitalismo y marxismo | ||
| 653 | |a Política-teoría | ||
| 653 | |a Economía-teoría | ||
| 859 | |a AR-BHAM |b BIB. HUMANIDADES - General |h 335.43 |i M369-2 |p 956.06 |t Ej.1 | ||
